Software requirements : practical techniques for gathering and managing requirements throughout the product development cycle (Record no. 10885)

000 -LEADER
fixed length control field 00537 a2200157 4500
020 ## - INTERNATIONAL STANDARD BOOK NUMBER
International Standard Book Number 0-7356-1879-8
040 ## - CATALOGING SOURCE
Original cataloging agency DLC
082 00 - DEWEY DECIMAL CLASSIFICATION NUMBER
Classification number 005.1
100 ## - MAIN ENTRY--PERSONAL NAME
Personal name Wiegers, Karl Eugene
245 10 - TITLE STATEMENT
Title Software requirements : practical techniques for gathering and managing requirements throughout the product development cycle
Statement of responsibility, etc. Karl E. Wiegers.
250 ## - EDITION STATEMENT
Edition statement 2nd ed.
260 ## - PUBLICATION, DISTRIBUTION, ETC.
Place of publication, distribution, etc. Redmond, Wash. :
Name of publisher, distributor, etc. Microsoft Press,
Date of publication, distribution, etc. 2003.
300 ## - PHYSICAL DESCRIPTION
Extent xix, 516 p. :
Other physical details ill. ;
Dimensions 23 cm.
650 #0 - SUBJECT ADDED ENTRY--TOPICAL TERM
Topical term or geographic name entry element Computer software
General subdivision Development.
942 ## - ADDED ENTRY ELEMENTS (KOHA)
Koha item type Book
Call number prefix 005.1 WIE
Source of classification or shelving scheme
Holdings
Withdrawn status Lost status Damaged status Not for loan Collection code Permanent Location Current Location Shelving location Date acquired Source of acquisition Cost, normal purchase price Total Checkouts Total Renewals Full call number Barcode Date last seen Date last checked out Price effective from Koha item type
          Central Library (CL) Central Library (CL) First Floor - Software Engineering/ Programming Language 04/20/2012 Global~Link Information Services 3489.16 2 1 005.1 WIE SEECS011241 11/20/2019 02/09/2015 01/05/2017 Book
          Central Library (CL) Central Library (CL) First Floor - Software Engineering/ Programming Language 04/20/2012 Global~Link Information Services 3489.16     005.1 WIE SEECS011243 11/14/2012   01/05/2017 Book
          Central Library (CL) Central Library (CL) First Floor - Software Engineering/ Programming Language 04/20/2012 Global~Link Information Services 3489.16     005.1 WIE SEECS011242 05/03/2021   01/05/2017 Book
© 2023 Central Library, National University of Sciences and Technology. All Rights Reserved.